00438nam a2200169Ia 4500003000400000005001700004008004100021020001800062040000700080041000800087082002500095100001800120245006100138260003900199300001700238365001300255OSt20230405163053.0210423s2008 xx 000 0 und d a9780761936544 cAL aeng a616.89142 223bJENS aJENA (S P K). aBehaviour therapy: techniques research and applications. aNew DelhibSage Publicationsc2008 axvii,261bHB b695cINR